000 00732nam a2200241Ia 4500
003 OSt
005 20220927105022.0
006 a|||||r|||| 00| 0
007 ta
008 220926b |||||||| |||| 00| 0 eng d
024 _a187438
037 _cReference Collections
040 _aRTL
_cRTL
_beng
041 _2eng
_aeng
082 _a"X9(J94).2.N53<-N51r, J3"
110 _a"GODAVARI SUGAR MILLS LTD.,BOMBAY"
_9369462
245 0 _a"Annual report,1951-53"
260 _aBombay
_bGodavari Sugar Mills Ltd.
_c1953
300 _a23p
_ccm.
700 _a"GODAVARI SUGAR MILLS LTD.,BOMBAY"
_9369463
942 _h"X9(J94).2.N53<-N51r, J3"
_cCC
999 _c690240
_d690240